| 000 | 01422cam a2200349 i 4500 | ||
|---|---|---|---|
| 001 | zz2003855506 | ||
| 003 | NUKAT | ||
| 005 | 20260424215836.0 | ||
| 008 | 031210s1928 pl |000 0 pol c | ||
| 035 | _a(OCoLC)749204168 | ||
| 035 | _a(NUKAT)zz2003855506 | ||
| 040 |
_aGD U/DC _cGD U/DC _dGD U/DC _dGD U/KMs _dWA N/ZKjb _dWA N/RZmgs _dTOR U/kn _dWA 14/DG |
||
| 100 | 1 |
_aRybarski, Roman _d(1887-1942). _91660 |
|
| 245 | 1 | 0 |
_aHandel i polityka handlowa Polski w XVI stuleciu. _nT. 1, _pRozwój handlu i polityki handlowej / _cRoman Rybarski. |
| 246 | 3 | 0 | _aRozwój handlu i polityki handlowej |
| 260 |
_aPoznań : _bTowarzystwo Miłośników miasta Poznania, _c1928 _e(Poznań : _fDrukarnia Robotników Chrześcijańskich). |
||
| 300 |
_a363 s. ; _c24 cm. |
||
| 336 |
_aTekst _btxt _2rdacontent |
||
| 337 |
_aBez urządzenia pośredniczącego _bn _2rdamedia |
||
| 338 |
_aWolumin _bnc _2rdacarrier |
||
| 380 | _aKsiążki | ||
| 530 | _aDostępny również w formie elektronicznej. | ||
| 648 | 7 |
_a1501-1600 _2DBN _936032 |
|
| 650 | 7 |
_aHandel _2DBN _940498 |
|
| 651 | 7 |
_aPolska _2DBN _935076 |
|
| 651 | 7 |
_aPolska _xhandel zagraniczny _y16 w. _2kaba _940499 |
|
| 658 | _aGospodarka, ekonomia, finanse | ||
| 710 | 2 |
_aTowarzystwo Miłośników Miasta Poznania. _4pbl _940500 |
|
| 856 | 4 | 1 | _uhttp://kpbc.umk.pl/publication/67855 |
| 856 | 4 | 8 |
_3Okładka _uhttp://www.nukat.edu.pl/nukat/icov/TORU/zz2003855506.jpg |
| 942 |
_2ddc _cBK_NM |
||
| 999 |
_c27755 _d27755 |
||